Biblioteca y Centro de Documentación

Las reformas laborales en Grecia en tiempos de crisis: abriendo la caja de Pandora (Registro nro. 45037)

Detalles MARC
000 -CABECERA
Longitud fija campo de control 01159naa a2200277 4500
001 - NÚMERO DE CONTROL
Número de control 45037
003 - IDENTIFICADOR DE NÚMERO DE CONTROL
Identificador del número de control ES-MaCES
005 - FECHA Y HORA DE LA ÚLTIMA TRANSACCIÓN
Fecha y hora de la última transacción 20190731142438.0
008 - CAMPO FIJO DE DESCRIPCIÓN FIJA--INFORMACIÓN GENERAL
Códigos de información de longitud fija   000000s2014 sp ||||| t||||||| ||spa d
040 ## - FUENTE DE CATALOGACIÓN
Centro catalogador de origen ES-MaCES
Lengua de catalogación spa
Centro transcriptor ES-MaCES
100 1# - ENCABEZAMIENTO PRINCIPAL--NOMBRE PERSONAL
9 (RLIN) 12304
Nombre de persona Fotinopoulou Basurko, Olga
245 14 - MENCIÓN DE TÍTULO
Título Las reformas laborales en Grecia en tiempos de crisis: abriendo la caja de Pandora
Mención de responsabilidad, etc. Olga Fotinopoulou Basurko, Arántzazu Vicente Palacio
504 ## - NOTA DE BIBLIOGRAFÍA, ETC.
Nota de bibliografía, etc. Bibliografía: 888-889
650 #4 - ASIENTO SECUNDARIO DE MATERIA--TÉRMINO DE MATERIA
9 (RLIN) 26947
Término de materia o nombre geográfico como elemento inicial Grecia
650 #4 - ASIENTO SECUNDARIO DE MATERIA--TÉRMINO DE MATERIA
9 (RLIN) 29892
Término de materia o nombre geográfico como elemento inicial reforma legislativa
650 #4 - ASIENTO SECUNDARIO DE MATERIA--TÉRMINO DE MATERIA
9 (RLIN) 27166
Término de materia o nombre geográfico como elemento inicial legislación del trabajo
650 #4 - ASIENTO SECUNDARIO DE MATERIA--TÉRMINO DE MATERIA
9 (RLIN) 27165
Término de materia o nombre geográfico como elemento inicial derecho del trabajo
650 #4 - ASIENTO SECUNDARIO DE MATERIA--TÉRMINO DE MATERIA
9 (RLIN) 27102
Término de materia o nombre geográfico como elemento inicial crisis económica
650 #4 - ASIENTO SECUNDARIO DE MATERIA--TÉRMINO DE MATERIA
9 (RLIN) 29261
Término de materia o nombre geográfico como elemento inicial repertorio de recomendaciones prácticas
650 #4 - ASIENTO SECUNDARIO DE MATERIA--TÉRMINO DE MATERIA
9 (RLIN) 28890
Término de materia o nombre geográfico como elemento inicial cuadros estadísticos
653 10 - TÉRMINO DE INDEXACIÓN--NO CONTROLADO
Término no controlado Relaciones laborales-Empleo
700 1# - ENCABEZAMIENTO SECUNDARIO--NOMBRE PERSONAL
9 (RLIN) 25798
Nombre de persona Vicente Palacio, María Arántzazu
773 0# - ENTRADA DE DOCUMENTO FUENTE
Itemnumber del ítem fuente 81666
Lugar, editor y fecha de publicación Barcelona Atelier [2014]
Otro identificador del documento 084571
Título El impacto de la gran crisis mundial sobre el Derecho del trabajo y de la Seguridad Social
Número de control del registro relacionado (ES-MaCES)44826
Número Internacional Normalizado para Libros (ISBN) 9788415690481
Parte(s) relacionada(s) p. 859-889. - SG-2.0.-430
902 ## - CES. TIPO DE DOCUMENTO
Tipodoc (006$c Sirtex) ARL Artículo de libro
942 ## - ELEMENTOS KOHA
Fuente de clasificaión o esquema Clasificación propia del CES
Koha [por defecto] tipo de item Artículos (1982-2017)
Parte de clasificación Relaciones Laborales y Rel. Lab.- Empleo

No hay ítems disponibles.

© CES, Consejo Económico y Social de España 2021